| 000 | 00624cam a22001691 4500 | ||
|---|---|---|---|
| 082 |
_a940.4 _bCHA |
||
| 100 | 1 |
_aCharteris, John, _950541 |
|
| 245 | 0 | 0 |
_aField-Marshal Earl Haig, _cby Brigadier-General John Charteris ... with a foreword by John Buchan ... |
| 260 |
_aNew York, _bC. Scribner's Sons, _c1929. |
||
| 300 |
_axii p., 1 l., 407 p. _bfront., illus. (maps) plates, ports., diagrs. _c24 cm. |
||
| 500 | _aMaps on lining-papers. | ||
| 526 |
_a0 _b0 _c0 _d940_400000000000000_CHA |
||
| 650 | 0 |
_aMarshals _zGreat Britain |
|
| 650 | 0 |
_aMCE _9379 |
|
| 650 | 0 |
_aWorld War, 1914-1918 _zGreat Britain. _949303 |
|
| 942 |
_2ddc _cBK |
||
| 999 |
_c553284 _d553284 |
||